Yo terrorista (Record no. 77545)

MARC details
000 -LEADER
campo de control de longitud fija 00856nam a2200265 i 4500
001 - NÚMERO DE CONTROL
campo de control 77545
003 - IDENTIFICADOR DE NÚMERO DE CONTROL
campo de control ES-MaACL
005 - FECHA Y HORA DE LA ÚLTIMA TRANSACCIÓN
campo de control 20230906173252.0
007 - CAMPO FIJO DE DESCRIPCIÓN FÍSICA--INFORMACIÓN GENERAL
campo de control de longitud fija t|
008 - DATOS DE LONGITUD FIJA--INFORMACIÓN GENERAL
campo de control de longitud fija 041020s2004 sp ||||1| spa d
020 ## - NÚMERO INTERNACIONAL ESTÁNDAR DEL LIBRO
Número Internacional Estándar del Libro 84-01-37882-6
080 ## - NÚMERO DE LA CLASIFICACIÓN DECIMAL UNIVERSAL
Número de la Clasificación Decimal Universal 929(100):323.28
080 ## - NÚMERO DE LA CLASIFICACIÓN DECIMAL UNIVERSAL
Número de la Clasificación Decimal Universal 323.28(100)"19"
100 1# - ENTRADA PRINCIPAL--NOMBRE DE PERSONA
Nombre de persona Pisano, Isabel.
9 (RLIN) 92366
245 10 - MENCIÓN DEL TÍTULO
Título Yo terrorista
Resto del título : hablan los protagonistas /
Mención de responsabilidad, etc. Isabel Pisano ; con la colaboración de Ana María González, Matteo Re, Serena Purarelli.
250 ## - MENCION DE EDICION
Mención de edición 1ª ed.
260 ## - PUBLICACIÓN, DISTRIBUCIÓN, ETC.
Lugar de publicación, distribución, etc. [Barcelona] :
Nombre del editor, distribuidor, etc. Plaza & Janés,
Fecha de publicación, distribución, etc. 2004.
300 ## - DESCRIPCIÓN FÍSICA
Extensión 330 p. ;
Dimensiones 23 cm +
Material acompañante/anejo Fe de erratas.
650 14 - PUNTO DE ACCESO ADICIONAL DE MATERIA--TÉRMINO DE MATERIA
Término de materia o nombre geográfico como elemento de entrada Terroristas.
9 (RLIN) 17513
650 14 - PUNTO DE ACCESO ADICIONAL DE MATERIA--TÉRMINO DE MATERIA
Término de materia o nombre geográfico como elemento de entrada Terrorismo-
Subdivisión cronológica S.XX.
9 (RLIN) 17508
700 1# - ENTRADA AGREGADA--NOMBRE PERSONAL
Nombre de persona González, Ana María.
9 (RLIN) 58277
700 1# - ENTRADA AGREGADA--NOMBRE PERSONAL
Nombre de persona Re, Matteo.
9 (RLIN) 95663
700 1# - ENTRADA AGREGADA--NOMBRE PERSONAL
Nombre de persona Purarelli, Serena.
9 (RLIN) 94417
852 ## - LOCALIZACIÓN
Ubicación ES-MaACL
Número de control de estantería L-28301
Sublocalización o colección R.134322
Holdings
Estatus retirado Estado de pérdida Estado de daño No para préstamo Biblioteca de origen Biblioteca actual Ubicación en estantería Fecha de adquisición Fuente de adquisición Total de préstamos Signatura topográfica completa Código de barras Visto por última vez Precio de reemplazo Tipo de ítem Koha
        Biblioteca del Ateneo de Madrid Biblioteca del Ateneo de Madrid Depósito 2 17/01/2008     L-28301 1081131 23/02/2023 23/02/2023 Libro impreso